000 01717nam a22003977a 4500
003 CHAP
005 20220329143233.0
008 070614d1986 mx r 00110 spa d
010 _a93734
011 _a94706
035 _a105301
040 _cCHAP
090 _aFolleto 15738
110 2 _aUACH. Subdirección de Investigación. Coordinación de Servicios
_9115967
245 1 0 _aReporte de actividades de campo realizadas para el levantamiento de la encuesta sobre transferencia de tecnología para la producción bovina en el tropico mexicano
_c/por UACH. Subdirección de Investigación. Coordinación de Servicios
260 _aChapingo, Méx. :
_bUACH. Subdirección de Investigación. Coordinación de Servicios,
_c1986
300 _a13 h. :
_banexos
490 0 _aDiagnóstico Integral de la Ganadería Bovina en Trópico Mexicano
590 _aBATCH-UPD
_b10
_c20130110
_lUCH01
_h0520
590 _aBATCH-UPD
_b10
_c20130110
_lUCH01
_h2318
590 _aBATCH-UPD
_b10
_c20130410
_lUCH01
_h0158
590 _aBATCH-UPD
_b10
_c20130410
_lUCH01
_h1609
590 _aBATCH-UPD
_b10
_c20130914
_lUCH01
_h1201
590 _aCONVERSION
_b10
_c20130109
_lUCH01
_h1352
650 1 4 _aGanadería
_xInnovaciones tecnológicas.
_944755
650 1 4 _aGanadería
_xTrópicos.
_944856
650 1 4 _aGanado vacuno
_xProducción.
_945506
650 1 4 _aGanado vacuno
_xTrópicos.
_945522
650 1 4 _aTransferencia de tecnología.
_9114619
650 1 4 _aTrópicos
_xGanadería.
_9115286
830 0 _aDiagnóstico Integral de la Ganadería Bovina en Trópico Mexicano
_932397
901 _aBK
905 _aMarco A. Mendoza T.
942 _cFOLL
949 _aFolleto 15738
_bBC
_cUACH
_d33724002033644
_eUACH
_gDonaciØn
_i105301
_sb
999 _c93734
_d93734